000 00570nam a2200181 i 4500
001 31055
003 ES-MaACL
005 20230906154312.0
007 t|
008 030128s1971 sp ||||1| spa d
100 1 _aBaty, Wayne Murlin.
_926498
245 1 0 _aInglés para empresarios /
_cWayne Murlin Baty ; traducción y adaptación en lengua castellana: Carlos Lerin Andrés.
250 _a[1ª ed.].
260 _aBarcelona :
_bOikos-Tau,
_c[1971]
300 _a588 p. ;
_c20 cm.
700 1 _aLerin Andrés, Carlos.
_971772
852 _aES-MaACL
_jC-49500
_bR.79473
999 _c31055
_d31055